000 00225 a2200109 4500
020 _a9788469848555
041 _aspa
100 _aAna Galan
245 _aLas tres Puertas la Maldicion del Chaman
942 _cBK
952 _71
999 _c24136
_d24136